[Event "EYCC 2024 - G14"]
[Site "?"]
[Date "2024.08.31"]
[Round "9.10"]
[White "Li, Anna Sofie"]
[Black "Haasova, Timea"]
[Result "1-0"]
[BlackElo "1890"]
[WhiteElo "2032"]
[LiveChessVersion "1.4.8"]

1. e4 {[%clk 1:30:58]} e5 {[%clk 1:30:53]} 2. Nf3 {[%clk 1:31:22]} Nc6
{[%clk 1:31:14]} 3. Bb5 {[%clk 1:31:46]} f5 {[%clk 1:31:29]} 4. d3
{[%clk 1:29:17]} fxe4 {[%clk 1:31:15]} 5. dxe4 {[%clk 1:28:57]} Nf6
{[%clk 1:30:36]} 6. O-O {[%clk 1:23:55]} d6 {[%clk 1:30:18]} 7. Re1
{[%clk 1:22:48]} Bg4 {[%clk 1:26:50]} 8. a3 {[%clk 1:18:51]} Be7 {[%clk 1:24:01]}
9. Bc4 {[%clk 1:15:20]} Qd7 {[%clk 1:19:18]} 10. Qd3 {[%clk 1:09:29]} Bxf3
{[%clk 1:10:36]} 11. Qxf3 {[%clk 1:09:07]} O-O-O {[%clk 1:09:54]} 12. Nc3
{[%clk 1:04:26]} h5 {[%clk 1:04:43]} 13. b4 {[%clk 1:01:05]} Ng4 {[%clk 1:01:37]}
14. Qd3 {[%clk 0:55:17]} Bh4 {[%clk 0:56:02]} 15. Be3 {[%clk 0:46:21]} Rdf8
{[%clk 0:41:28]} 16. Rf1 {[%clk 0:37:14]} Nd4 {[%clk 0:36:20]} 17. Ne2
{[%clk 0:23:00]} Nf3+ {[%clk 0:18:41]} 18. gxf3 {[%clk 0:18:48]} Rxf3
{[%clk 0:18:59]} 19. Ng3 {[%clk 0:14:20]} Bxg3 {[%clk 0:10:04]} 20. hxg3
{[%clk 0:11:55]} Rhf8 {[%clk 0:08:13]} 21. Kg2 {[%clk 0:07:25]} h4
{[%clk 0:06:38]} 22. Rae1 {[%clk 0:05:23]} hxg3 {[%clk 0:06:47]} 23. fxg3
{[%clk 0:04:54]} Nxe3+ {[%clk 0:06:56]} 24. Qxe3 {[%clk 0:04:45]} Rxf1
{[%clk 0:05:11]} 25. Rxf1 {[%clk 0:04:17]} Rh8 {[%clk 0:05:16]} 26. Rh1
{[%clk 0:04:04]} Rxh1 {[%clk 0:04:48]} 27. Kxh1 {[%clk 0:04:30]} Qg4
{[%clk 0:05:00]} 28. Be2 {[%clk 0:03:00]} Qg6 {[%clk 0:05:23]} 29. Kg2
{[%clk 0:03:14]} Kd7 {[%clk 0:05:35]} 30. Qf3 {[%clk 0:03:18]} Kc6
{[%clk 0:05:45]} 31. Qe3 {[%clk 0:02:27]} a6 {[%clk 0:06:01]} 32. a4
{[%clk 0:02:34]} Kd7 {[%clk 0:06:16]} 33. b5 {[%clk 0:02:08]} axb5
{[%clk 0:06:38]} 34. axb5 {[%clk 0:02:28]} c6 {[%clk 0:05:33]} 35. bxc6+
{[%clk 0:01:57]} bxc6 {[%clk 0:05:59]} 36. Qf3 {[%clk 0:02:12]} Kc7
{[%clk 0:06:16]} 37. Qg4 {[%clk 0:02:09]} Qf7 {[%clk 0:06:38]} 38. Qf5
{[%clk 0:01:55]} Qa2 {[%clk 0:05:43]} 39. Bd3 {[%clk 0:02:08]} Kb6
{[%clk 0:06:08]} 40. Qd7 {[%clk 0:01:36]} Kc5 {[%clk 0:06:05]} 41. Qxg7
{[%clk 0:01:48]} d5 {[%clk 0:06:14]} 42. Qxe5 {[%clk 0:01:46]} Qb1
{[%clk 0:06:14]} 43. exd5 {[%clk 0:01:35]} cxd5 {[%clk 0:06:22]} 44. Qc7+
{[%clk 0:01:56]} Kd4 {[%clk 0:06:38]} 45. c3+ {[%clk 0:02:11]} Kxd3
{[%clk 0:06:54]} 46. Qh7+ {[%clk 0:02:36]} 1-0

[Event "EYCC 2024 - G14"]
[Site "?"]
[Date "2024.08.31"]
[Round "9.11"]
[White "Markina, Sofiia"]
[Black "Zagorac, Lara"]
[Result "0-1"]
[BlackElo "2012"]
[WhiteElo "1864"]
[LiveChessVersion "1.4.8"]

1. e4 {[%clk 1:30:58]} c5 {[%clk 1:30:50]} 2. Nc3 {[%clk 1:31:23]} g6
{[%clk 1:31:07]} 3. f4 {[%clk 1:30:21]} Bg7 {[%clk 1:31:24]} 4. Nf3
{[%clk 1:30:45]} Nc6 {[%clk 1:31:39]} 5. Bb5 {[%clk 1:30:55]} Nd4
{[%clk 1:31:46]} 6. Bc4 {[%clk 1:30:29]} e6 {[%clk 1:24:46]} 7. d3
{[%clk 1:20:19]} Ne7 {[%clk 1:22:48]} 8. O-O {[%clk 1:12:17]} O-O
{[%clk 1:20:32]} 9. Nxd4 {[%clk 1:04:01]} cxd4 {[%clk 1:19:06]} 10. Ne2
{[%clk 1:04:11]} d5 {[%clk 1:15:52]} 11. Bb3 {[%clk 1:03:59]} Qb6
{[%clk 1:10:52]} 12. Kh1 {[%clk 1:02:47]} Bd7 {[%clk 1:06:14]} 13. Ng3
{[%clk 0:59:54]} h5 {[%clk 0:57:58]} 14. Qe1 {[%clk 0:41:50]} Rfe8
{[%clk 0:49:10]} 15. Qf2 {[%clk 0:35:40]} a5 {[%clk 0:45:33]} 16. a3
{[%clk 0:26:27]} a4 {[%clk 0:42:29]} 17. Ba2 {[%clk 0:26:53]} Qc6
{[%clk 0:38:43]} 18. Bb1 {[%clk 0:21:22]} b5 {[%clk 0:31:42]} 19. Bd2
{[%clk 0:19:00]} Qb7 {[%clk 0:24:55]} 20. Bb4 {[%clk 0:19:13]} dxe4
{[%clk 0:23:54]} 21. dxe4 {[%clk 0:16:58]} h4 {[%clk 0:22:23]} 22. Ne2
{[%clk 0:10:36]} Qxe4 {[%clk 0:22:24]} 23. Qxh4 {[%clk 0:10:09]} Qxe2
{[%clk 0:19:20]} 24. Re1 {[%clk 0:09:26]} Nf5 {[%clk 0:18:45]} 25. Qh3
{[%clk 0:08:41]} Qh5 {[%clk 0:17:48]} 26. Qd3 {[%clk 0:08:52]} Bc6
{[%clk 0:17:53]} 0-1

[Event "EYCC 2024 - G14"]
[Site "?"]
[Date "2024.08.31"]
[Round "9.12"]
[White "Velychko, Sofiya"]
[Black "Stara, Zuzana"]
[Result "1/2-1/2"]
[BlackElo "2005"]
[WhiteElo "1691"]
[LiveChessVersion "1.4.8"]

1. e4 {[%clk 1:30:59]} c6 {[%clk 1:30:57]} 2. d4 {[%clk 1:31:21]} d5
{[%clk 1:31:24]} 3. e5 {[%clk 1:31:36]} Bf5 {[%clk 1:31:50]} 4. Nf3
{[%clk 1:31:40]} e6 {[%clk 1:32:15]} 5. Be2 {[%clk 1:31:44]} a5 {[%clk 1:32:37]}
6. O-O {[%clk 1:29:44]} Nd7 {[%clk 1:32:22]} 7. a4 {[%clk 1:28:41]} f6
{[%clk 1:32:44]} 8. Nh4 {[%clk 1:27:19]} fxe5 {[%clk 1:28:09]} 9. Nxf5
{[%clk 1:26:35]} exf5 {[%clk 1:28:14]} 10. dxe5 {[%clk 1:26:34]} Nxe5
{[%clk 1:25:16]} 11. Re1 {[%clk 1:25:08]} Qf6 {[%clk 0:58:03]} 12. f4
{[%clk 1:20:02]} Bc5+ {[%clk 0:57:14]} 13. Kh1 {[%clk 1:20:18]} Nf7
{[%clk 0:52:43]} 14. Bb5+ {[%clk 1:10:33]} Ne7 {[%clk 0:49:02]} 15. Qxd5
{[%clk 1:07:32]} Bb6 {[%clk 0:29:12]} 16. Re6 {[%clk 1:04:24]} O-O
{[%clk 0:27:35]} 17. Rxf6 {[%clk 0:57:53]} Nxd5 {[%clk 0:26:58]} 18. Rxf5
{[%clk 0:57:15]} g6 {[%clk 0:24:55]} 19. Rxd5 {[%clk 0:56:58]} cxd5
{[%clk 0:25:21]} 20. Nc3 {[%clk 0:57:00]} Rad8 {[%clk 0:24:01]} 21. Bd2
{[%clk 0:56:51]} Nd6 {[%clk 0:22:20]} 22. Bd3 {[%clk 0:55:29]} Nf5
{[%clk 0:11:52]} 23. g4 {[%clk 0:53:15]} Ne7 {[%clk 0:11:17]} 24. Re1
{[%clk 0:52:45]} Bc5 {[%clk 0:10:22]} 25. f5 {[%clk 0:51:00]} gxf5
{[%clk 0:08:22]} 26. gxf5 {[%clk 0:49:41]} Nxf5 {[%clk 0:05:48]} 27. Nxd5
{[%clk 0:47:21]} Nh4 {[%clk 0:02:53]} 28. Bc4 {[%clk 0:40:28]} Kg7
{[%clk 0:01:19]} 29. Bc3+ {[%clk 0:32:24]} Kh6 {[%clk 0:01:35]} 30. Bd2+
{[%clk 0:30:45]} Kg7 {[%clk 0:01:58]} 31. Bc3+ {[%clk 0:30:31]} Kh6
{[%clk 0:02:23]} 1/2-1/2

[Event "EYCC 2024 - G14"]
[Site "?"]
[Date "2024.08.31"]
[Round "9.13"]
[White "Alfano, Emilie"]
[Black "Toumpakari, Maria"]
[Result "1/2-1/2"]
[BlackElo "1774"]
[WhiteElo "1990"]
[LiveChessVersion "1.4.8"]

1. e4 {[%clk 1:30:59]} c5 {[%clk 1:30:56]} 2. Nf3 {[%clk 1:31:25]} Nc6
{[%clk 1:31:19]} 3. Bb5 {[%clk 1:31:51]} g6 {[%clk 1:31:42]} 4. O-O
{[%clk 1:32:15]} Bg7 {[%clk 1:32:04]} 5. c3 {[%clk 1:32:37]} e5 {[%clk 1:32:07]}
6. d3 {[%clk 1:29:50]} Nge7 {[%clk 1:30:18]} 7. Be3 {[%clk 1:29:43]} d6
{[%clk 1:25:18]} 8. d4 {[%clk 1:29:12]} cxd4 {[%clk 1:21:11]} 9. cxd4
{[%clk 1:29:34]} O-O {[%clk 1:20:23]} 10. h3 {[%clk 1:27:09]} d5 {[%clk 1:12:00]}
11. Bxc6 {[%clk 1:14:10]} Nxc6 {[%clk 1:08:27]} 12. exd5 {[%clk 1:11:58]} exd4
{[%clk 1:02:39]} 13. Nxd4 {[%clk 1:10:13]} Nxd4 {[%clk 1:01:38]} 14. Bxd4
{[%clk 1:10:33]} Qxd5 {[%clk 1:02:00]} 15. Bxg7 {[%clk 1:10:50]} Qxd1
{[%clk 1:02:23]} 16. Rxd1 {[%clk 1:11:11]} Kxg7 {[%clk 1:02:48]} 17. Nc3
{[%clk 1:11:26]} Be6 {[%clk 1:02:28]} 18. Nb5 {[%clk 1:11:29]} Rac8
{[%clk 0:53:41]} 19. Rd2 {[%clk 1:05:09]} Rc5 {[%clk 0:42:43]} 20. Nd4
{[%clk 1:02:22]} Re8 {[%clk 0:39:04]} 21. Re1 {[%clk 0:55:13]} Bd7
{[%clk 0:37:54]} 22. Red1 {[%clk 0:54:20]} Be6 {[%clk 0:30:47]} 23. f4
{[%clk 0:50:37]} h5 {[%clk 0:26:51]} 24. Kf2 {[%clk 0:49:03]} Kf6
{[%clk 0:26:59]} 25. Ne2 {[%clk 0:44:32]} Rc4 {[%clk 0:24:41]} 26. Kf3
{[%clk 0:37:32]} Bf5 {[%clk 0:19:27]} 27. Nd4 {[%clk 0:34:51]} a6
{[%clk 0:14:29]} 28. Nxf5 {[%clk 0:31:42]} Kxf5 {[%clk 0:14:31]} 29. g3
{[%clk 0:31:02]} Rce4 {[%clk 0:13:45]} 30. Rd3 {[%clk 0:28:19]} Re2
{[%clk 0:11:49]} 31. R1d2 {[%clk 0:27:46]} R8e3+ {[%clk 0:11:45]} 32. Rxe3
{[%clk 0:28:07]} Rxd2 {[%clk 0:12:11]} 33. g4+ {[%clk 0:24:18]} Kf6
{[%clk 0:11:22]} 34. Re2 {[%clk 0:21:15]} Rd3+ {[%clk 0:11:23]} 35. Re3
{[%clk 0:19:27]} Rd2 {[%clk 0:11:23]} 36. Re2 {[%clk 0:18:38]} Rd3+
{[%clk 0:11:36]} 37. Re3 {[%clk 0:16:51]} 1/2-1/2

[Event "EYCC 2024 - G14"]
[Site "?"]
[Date "2024.08.31"]
[Round "9.14"]
[White "Ashton, Alannah"]
[Black "Tokarz, Gabriela"]
[Result "1/2-1/2"]
[BlackElo "1845"]
[WhiteElo "1918"]
[LiveChessVersion "1.4.8"]

1. e4 {[%clk 1:30:58]} c5 {[%clk 1:30:58]} 2. Nf3 {[%clk 1:31:24]} e6
{[%clk 1:31:24]} 3. d4 {[%clk 1:31:50]} cxd4 {[%clk 1:31:51]} 4. Nxd4
{[%clk 1:32:16]} Nc6 {[%clk 1:32:17]} 5. Nc3 {[%clk 1:32:36]} Qc7
{[%clk 1:32:44]} 6. Be3 {[%clk 1:33:00]} a6 {[%clk 1:33:11]} 7. g4
{[%clk 1:33:25]} b5 {[%clk 1:33:38]} 8. Nxc6 {[%clk 1:33:47]} Qxc6
{[%clk 1:34:04]} 9. Qd2 {[%clk 1:34:05]} b4 {[%clk 1:34:31]} 10. Ne2
{[%clk 1:34:30]} Qxe4 {[%clk 1:34:55]} 11. Rg1 {[%clk 1:34:57]} Qc6
{[%clk 1:35:19]} 12. Bg2 {[%clk 1:33:46]} d5 {[%clk 1:35:46]} 13. O-O-O
{[%clk 1:31:48]} Bb7 {[%clk 1:36:01]} 14. Nd4 {[%clk 1:27:52]} Qc7
{[%clk 1:35:01]} 15. g5 {[%clk 1:18:02]} Bd6 {[%clk 1:32:27]} 16. Bh3
{[%clk 1:04:18]} O-O-O {[%clk 1:22:46]} 17. f4 {[%clk 1:01:01]} Kb8
{[%clk 1:18:05]} 18. Nf3 {[%clk 0:57:57]} Ne7 {[%clk 1:13:26]} 19. Ne5
{[%clk 0:55:22]} Nc6 {[%clk 1:09:28]} 20. Qf2 {[%clk 0:52:37]} Rc8
{[%clk 1:01:21]} 21. Bb6 {[%clk 0:48:55]} Qe7 {[%clk 0:59:33]} 22. Nd3
{[%clk 0:47:18]} Ka8 {[%clk 0:53:12]} 23. f5 {[%clk 0:45:42]} Rce8
{[%clk 0:45:33]} 24. Rde1 {[%clk 0:36:16]} e5 {[%clk 0:42:18]} 25. f6
{[%clk 0:33:07]} gxf6 {[%clk 0:38:45]} 26. gxf6 {[%clk 0:33:32]} Qf8
{[%clk 0:38:52]} 27. Nc5 {[%clk 0:32:09]} Qh6+ {[%clk 0:37:35]} 28. Qe3
{[%clk 0:32:12]} Qxe3+ {[%clk 0:37:18]} 29. Rxe3 {[%clk 0:32:38]} e4
{[%clk 0:37:06]} 30. Re2 {[%clk 0:32:36]} Ne5 {[%clk 0:36:49]} 31. Rg7
{[%clk 0:30:10]} Bf8 {[%clk 0:35:09]} 32. Nd7 {[%clk 0:28:08]} Bxg7
{[%clk 0:29:58]} 33. fxg7 {[%clk 0:28:10]} Rhg8 {[%clk 0:30:00]} 34. Nf6
{[%clk 0:27:44]} Bc6 {[%clk 0:25:59]} 35. Nxe8 {[%clk 0:23:04]} Bxe8
{[%clk 0:26:13]} 36. Rg2 {[%clk 0:21:48]} Ng6 {[%clk 0:26:12]} 37. Rg5
{[%clk 0:18:57]} Rxg7 {[%clk 0:20:15]} 38. Rxd5 {[%clk 0:18:46]} Kb7
{[%clk 0:19:27]} 39. Bd4 {[%clk 0:16:54]} Rg8 {[%clk 0:19:54]} 40. Rd8
{[%clk 0:16:16]} Nf4 {[%clk 0:18:41]} 41. Bf5 {[%clk 0:12:54]} Ne2+
{[%clk 0:15:44]} 42. Kd2 {[%clk 0:12:33]} Nxd4 {[%clk 0:16:11]} 43. Rxd4
{[%clk 0:12:16]} Rg2+ {[%clk 0:15:26]} 44. Ke3 {[%clk 0:12:05]} Bc6
{[%clk 0:15:06]} 1/2-1/2

[Event "EYCC 2024 - G14"]
[Site "?"]
[Date "2024.08.31"]
[Round "9.15"]
[White "Jakubse, Tamae Severina"]
[Black "Koghuashvili, Tekla"]
[Result "0-1"]
[BlackElo "1805"]
[WhiteElo "1904"]
[LiveChessVersion "1.4.8"]

1. e4 {[%clk 1:30:57]} c5 {[%clk 1:30:57]} 2. Nf3 {[%clk 1:31:22]} d6
{[%clk 1:31:22]} 3. Nc3 {[%clk 1:31:47]} Nf6 {[%clk 1:31:39]} 4. d4
{[%clk 1:32:11]} cxd4 {[%clk 1:32:00]} 5. Nxd4 {[%clk 1:32:37]} a6
{[%clk 1:32:23]} 6. a4 {[%clk 1:32:01]} e5 {[%clk 1:32:41]} 7. Nf3
{[%clk 1:31:46]} Be6 {[%clk 1:31:25]} 8. Ng5 {[%clk 1:26:08]} Qc8
{[%clk 1:29:18]} 9. Nxe6 {[%clk 1:24:23]} fxe6 {[%clk 1:29:41]} 10. Bg5
{[%clk 1:20:57]} Nbd7 {[%clk 1:29:38]} 11. Qd3 {[%clk 1:14:26]} Be7
{[%clk 1:28:38]} 12. O-O-O {[%clk 1:13:21]} O-O {[%clk 1:25:00]} 13. Qc4
{[%clk 1:09:53]} Nc5 {[%clk 1:19:34]} 14. a5 {[%clk 0:59:01]} Kf7
{[%clk 1:15:21]} 15. f3 {[%clk 0:57:02]} Rd8 {[%clk 1:06:03]} 16. b4
{[%clk 0:52:43]} Ncd7 {[%clk 1:06:20]} 17. Kb2 {[%clk 0:44:10]} Qc6
{[%clk 0:58:52]} 18. g3 {[%clk 0:38:11]} Nb8 {[%clk 0:50:06]} 19. Qb3
{[%clk 0:29:10]} Nbd7 {[%clk 0:43:51]} 20. Bh3 {[%clk 0:28:25]} Nf8
{[%clk 0:43:16]} 21. f4 {[%clk 0:24:06]} exf4 {[%clk 0:40:13]} 22. gxf4
{[%clk 0:23:56]} Nxe4 {[%clk 0:35:06]} 23. Nxe4 {[%clk 0:23:44]} Qxe4
{[%clk 0:35:21]} 24. Rhe1 {[%clk 0:16:51]} Qg6 {[%clk 0:35:25]} 25. Bxe7
{[%clk 0:13:20]} Kxe7 {[%clk 0:35:48]} 26. Rd4 {[%clk 0:09:38]} Qf6
{[%clk 0:34:59]} 27. c3 {[%clk 0:09:29]} Qh4 {[%clk 0:34:20]} 28. Rxe6+
{[%clk 0:08:56]} Nxe6 {[%clk 0:34:42]} 29. Qxe6+ {[%clk 0:09:22]} Kf8
{[%clk 0:35:06]} 30. Rd5 {[%clk 0:06:17]} g6 {[%clk 0:33:56]} 31. Rg5
{[%clk 0:05:56]} Qxf4 {[%clk 0:32:44]} 32. Rg3 {[%clk 0:02:56]} Re8
{[%clk 0:30:44]} 33. Qd5 {[%clk 0:02:43]} Kg7 {[%clk 0:29:05]} 34. Rf3
{[%clk 0:02:17]} Qxh2+ {[%clk 0:28:56]} 35. Ka3 {[%clk 0:01:25]} Re7
{[%clk 0:29:13]} 36. Qg5 {[%clk 0:01:16]} Qe5 {[%clk 0:29:26]} 37. Qg1
{[%clk 0:01:00]} Rc7 {[%clk 0:28:16]} 38. Qc1 {[%clk 0:01:03]} Re8
{[%clk 0:27:30]} 39. Rd3 {[%clk 0:01:04]} h6 {[%clk 0:26:33]} 40. Qc2
{[%clk 0:00:59]} g5 {[%clk 0:26:26]} 41. Rf3 {[%clk 0:00:48]} Rf8
{[%clk 0:26:46]} 42. Rxf8 {[%clk 0:00:54]} Rxc3+ {[%clk 0:27:02]} 0-1

[Event "EYCC 2024 - G14"]
[Site "?"]
[Date "2024.08.31"]
[Round "9.16"]
[White "Andries, Leia"]
[Black "Oflaz, Fatma Zehra"]
[Result "1/2-1/2"]
[BlackElo "1779"]
[WhiteElo "1937"]
[LiveChessVersion "1.4.8"]

1. e4 {[%clk 1:30:59]} e5 {[%clk 1:30:55]} 2. Nf3 {[%clk 1:31:26]} Nc6
{[%clk 1:31:20]} 3. d4 {[%clk 1:31:53]} exd4 {[%clk 1:31:45]} 4. Nxd4
{[%clk 1:32:20]} Bc5 {[%clk 1:32:06]} 5. Nb3 {[%clk 1:32:46]} Bb6
{[%clk 1:32:29]} 6. Nc3 {[%clk 1:33:10]} Nf6 {[%clk 1:32:54]} 7. Qe2
{[%clk 1:33:35]} d6 {[%clk 1:33:16]} 8. Be3 {[%clk 1:34:02]} Be6 {[%clk 1:33:38]}
9. O-O-O {[%clk 1:34:25]} Qe7 {[%clk 1:34:04]} 10. g3 {[%clk 1:34:50]} O-O-O
{[%clk 1:34:24]} 11. Bg2 {[%clk 1:35:13]} Rhe8 {[%clk 1:32:06]} 12. Rhe1
{[%clk 1:34:55]} h6 {[%clk 1:31:34]} 13. Bxb6 {[%clk 1:35:16]} axb6
{[%clk 1:32:03]} 14. Nd4 {[%clk 1:35:34]} Nb8 {[%clk 1:23:29]} 15. Ncb5
{[%clk 1:21:48]} c6 {[%clk 1:17:57]} 16. Na7+ {[%clk 1:18:44]} Kc7
{[%clk 1:13:13]} 17. e5 {[%clk 1:18:41]} Bd5 {[%clk 1:07:38]} 18. exd6+
{[%clk 1:11:37]} Qxd6 {[%clk 1:04:26]} 19. Ndb5+ {[%clk 1:08:39]} cxb5
{[%clk 1:01:50]} 20. Nxb5+ {[%clk 1:08:10]} Kc6 {[%clk 0:56:33]} 21. Nxd6
{[%clk 1:04:52]} Rxe2 {[%clk 0:56:50]} 22. Bxd5+ {[%clk 1:05:04]} Nxd5
{[%clk 0:56:49]} 23. Nxf7 {[%clk 1:01:58]} Rde8 {[%clk 0:55:08]} 24. Rxe2
{[%clk 0:57:03]} Rxe2 {[%clk 0:55:36]} 25. Nd8+ {[%clk 0:56:58]} Kc7
{[%clk 0:53:12]} 26. Rxd5 {[%clk 0:57:00]} Re7 {[%clk 0:53:35]} 27. Kd2
{[%clk 0:56:08]} Nd7 {[%clk 0:53:51]} 28. Nxb7 {[%clk 0:55:34]} Kxb7
{[%clk 0:54:13]} 29. h4 {[%clk 0:52:38]} Kc6 {[%clk 0:47:11]} 30. Rf5
{[%clk 0:48:01]} Ne5 {[%clk 0:43:57]} 31. Kc3 {[%clk 0:40:45]} Kd6
{[%clk 0:41:38]} 32. b3 {[%clk 0:34:24]} Ke6 {[%clk 0:28:23]} 33. Rf8
{[%clk 0:32:09]} Rc7+ {[%clk 0:26:51]} 34. Kb2 {[%clk 0:31:07]} Ke7
{[%clk 0:23:29]} 35. Rf5 {[%clk 0:30:16]} Ke6 {[%clk 0:23:41]} 36. Rf4
{[%clk 0:28:01]} Kd5 {[%clk 0:19:33]} 1/2-1/2